Viaje al centro de la tierra /

Guardado en:
Autor Principal: Verne, Julio
Formato: Libro
Publicado: Buenos Aires : Salim, 2016.
Edición:3a ed.
Series:Grandes Lecturas ; 30
Materias:
Etiquetas: Agregar Etiqueta
Sin Etiquetas, Sea el primero en etiquetar este registro!
LEADER 00903nam a22002655a 4500
001 CEM.cems019037
008 220311s2016####ag############000#0#####d
005 20221110155515.0
245 1 0 |a Viaje al centro de la tierra /  |c Julio Verne 
250 |a 3a ed. 
260 |a Buenos Aires :  |b Salim,  |c 2016. 
300 |a 288 p. 
490 0 |a Grandes Lecturas ; 30 
020 |a 978-987-1784-28-8 
100 1 |a Verne, Julio 
082 0 4 |a 843.8 
653 |a Literatura 
653 |a Literatura francesa-siglo 19 
653 |a Novelas 
653 |a Ciencia ficción 
653 |a Novelas francesas-siglo 19 
859 |a CEMS  |b BIB. CEMS - Inicial y Primaria  |h 843.8  |i V594  |p 6281  |t Ej.1 
859 |a CEMS  |b BIB. CEMS - 11 de abril  |h 843.8  |i V594-18  |p 29215.22  |t Ej. 1 
859 |a CEMS  |b BIB. CEMS - Inicial y Primaria  |h 843.8  |i V594  |k IP  |p 6282  |t Ej.2 
859 |a CEMS  |b BIB. CEMS - Inicial y Primaria  |h 843.8  |i V594  |k IP  |p 6202  |t Ej.3